Introduction to matrices and vectors /
Guardado en:
| Autor Principal: | |
|---|---|
| Formato: | Libro |
| Idioma: | English |
| Publicado: |
[S.l. :
s.n.],
1961.
|
| Materias: | |
| Etiquetas: |
Agregar Etiqueta
Sin Etiquetas, Sea el primero en etiquetar este registro!
|
| LEADER | 00566nam a22001695 4500 | ||
|---|---|---|---|
| 001 | MAT.inmabb007157 | ||
| 008 | 840518s1961####nyua##########001#0#eng## | ||
| 005 | 20190320174708.0 | ||
| 245 | 1 | 0 | |a Introduction to matrices and vectors / |c Jacob T. Schwartz. |
| 260 | |a [S.l. : |b s.n.], |c 1961. | ||
| 300 | |a 163 p. : |b il. ; |c 24 cm. | ||
| 500 | |a Aparentemente una reedición de la publicada en New York por McGraw-Hill en 1961. | ||
| 100 | 1 | |a Schwartz, Jacob T. | |
| 650 | 0 | |a Matrices. | |
| 650 | 0 | |a Vector analysis. | |
| 084 | |a 15-01 |2 msc2010 | ||
| 859 | |h 15 |i Sc399i |p A-9247 |b BIB. MATEMATICA | ||
